| 000 | 00830nam a2200169 a 4500 | ||
|---|---|---|---|
| 008 | 160923s2014 ||||||||||||||||| || u | ||
| 050 | _aCBU-PG THESIS/MWE | ||
| 100 | _aMwebela, Fredrick | ||
| 245 | 1 | 0 |
_aPreventing and managing electoral conflict and violence: conflict management committees of the Electoral Commission of Zambia _cby Fredrick Mwebela |
| 260 |
_aKitwe _bCopperbelt University _c2014 |
||
| 300 | _avii, 102p.: ill. | ||
| 500 | _aBibliography | ||
| 650 | _aELECTIONS DISPUTES--ZAMBIA | ||
| 650 | _aPOLITICAL VIOLENCE--ZAMBIA | ||
| 995 |
_aSPECIAL COLLECTIONS _e746614 _FCBU-MAIN LIBRARY (Kitwe) _jCBU-PG THESIS/MWE _M1 _UAVAILABLE _WSep 23, 2016 _y746614 _ZUniversity Collection |
||
| 995 |
_aSPECIAL COLLECTIONS _e4489 _FCBU-MAIN LIBRARY (Kitwe) _jCBU-PG THESIS/MWE _M2 _UAVAILABLE _WJun 8, 2021 _yB4489 _ZUniversity Collection |
||
| 999 |
_c77042 _d77042 |
||